Classement des médailles Championnat d'Europe masculin de volley-ball - Statistiques

Statistiques générales
  • Ce quiz a été pris 64 fois
  • Le résultat moyen est 10 sur 15
Statistiques - réponses
Or Argent Bronze Pays % Correct
1 4 2 France
96%
7 5 3 Italie
88%
0 1 0 Allemagne
84%
2 5 4 Pologne
82%
14 3 5 Russie
77%
0 3 1 Slovénie
73%
1 0 0 Espagne
71%
3 1 8 Serbie
70%
1 2 2 Pays-Bas
66%
0 0 1 Grèce
61%
0 1 4 Bulgarie
59%
0 1 1 Hongrie
57%
1 2 2 Roumanie
55%
0 1 0 Suède
54%
3 4 0 Tchécoslovaquie
25%
Aucun quiz correspondant
Distribution des résultats
% des personnes avec chaque résultat
Percentile par nombre de réponses
Votre historique - résultats
Vous n’avez pas pris ce quiz